الأشعار الشعبية اللبنانية : (رقم التسجيلة. 10209)

تفاصيل مارك
000 -LEADER
fixed length control field 00586nam a22001817a 4500
005 - DATE AND TIME OF LATEST TRANSACTION
control field 20251108164346.0
008 - FIXED-LENGTH DATA ELEMENTS--GENERAL INFORMATION
fixed length control field 250721s1986 xx 000 0 ara d
082 14 - DEWEY DECIMAL CLASSIFICATION NUMBER
Classification number 398.809562/أنط
100 1# - MAIN ENTRY--PERSONAL NAME
Personal name عكاري، أنطوان
Relator term ed.
245 10 - TITLE STATEMENT
Title الأشعار الشعبية اللبنانية :
Remainder of title دراسة و بعض نماذجها الحلوة /
264 1# - PRODUCTION, PUBLICATION, DISTRIBUTION, MANUFACTURE, AND COPYRIGHT NOTICE
Place of production, publication, distribution, manufacture طرابلس ( لبنان ) :
Name of producer, publisher, distributor, manufacturer جروس برس،
Date of production, publication, distribution, manufacture, or copyright notice 1986.
300 ## - PHYSICAL DESCRIPTION
Extent 160ص
650 17 - SUBJECT ADDED ENTRY--TOPICAL TERM
Topical term or geographic name as entry element الشعر العربي
650 17 - SUBJECT ADDED ENTRY--TOPICAL TERM
Topical term or geographic name as entry element الشعر النبطي
650 17 - SUBJECT ADDED ENTRY--TOPICAL TERM
Topical term or geographic name as entry element لبنان
942 ## - ADDED ENTRY ELEMENTS (KOHA)
Source of classification or shelving scheme Dewey Decimal Classification
Koha item type كتب
المقتنيات
حالة السحب حالة الفقدان مصدر التصنيف حالة التلف غير قابل للإعارة المكتبة الرئيسية المكتبة الحالية موقع الرف تاريخ التزويد الرقم المتسلسل Total Checkouts رقم الإستدعاء تاريخ آخر ظهور تاريخ الفاتورة نوع المادة (كوها)
    Dewey Decimal Classification Unchecked   مكتبة الاميرة بديعة مكتبة الاميرة بديعة الإعارة 12/07/2004 1631   398.809562/أنط 28/07/2025 12/07/2004 كتب
    Dewey Decimal Classification Unchecked   مكتبة الجويدة مكتبة الجويدة الإعارة 12/07/2004 1431   398.809562/أنط 28/07/2025 12/07/2004 كتب
    Dewey Decimal Classification Unchecked   مكتبة حمزة العامة مكتبة حمزة العامة الإعارة 12/07/2004 2077   398.809562/أنط 28/07/2025 12/07/2004 كتب
    Dewey Decimal Classification Unchecked   مكتبة صويلح العامة مكتبة صويلح العامة الإعارة 12/07/2004 4004   398.809562/أنط 28/07/2025 12/07/2004 كتب
Implemented & Customized by: BBB with SCIT (Smart Chains for Information Technology)

Powered by Koha